स्वप्नांचे इंद्रधनू-भक्कम उद्योगांची उभारणी करणार्‍या 25 स्त्री उद्योजिकांच्या कहाण्या (Record no. 1350450)

MARC details
000 -LEADER
fixed length control field 01295nam a2200169Ia 4500
008 - FIXED-LENGTH DATA ELEMENTS--GENERAL INFORMATION
fixed length control field 151202s9999||||xx |||||||||||||| ||und||
082 ## - DEWEY DECIMAL CLASSIFICATION NUMBER
Item number PNVM-86404
100 ## - MAIN ENTRY--PERSONAL NAME
Personal name बन्सल रश्मी/अनु-काणे सुनीति
245 ## - TITLE STATEMENT
Title स्वप्नांचे इंद्रधनू-भक्कम उद्योगांची उभारणी करणार्‍या 25 स्त्री उद्योजिकांच्या कहाण्या
260 ## - PUBLICATION, DISTRIBUTION, ETC. (IMPRINT)
Name of publisher, distributor, etc मेहता पब्लिशींग हाऊस पुणे
260 ## - PUBLICATION, DISTRIBUTION, ETC. (IMPRINT)
Date of publication, distribution, etc 384
600 ## - SUBJECT ADDED ENTRY--PERSONAL NAME
Personal name बन्सल रश्मी/अनु-काणे सुनीति
630 ## - SUBJECT ADDED ENTRY--UNIFORM TITLE
Uniform title स्वप्नांचे इंद्रधनू-भक्कम उद्योगांची उभारणी करणार्‍या 25 स्त्री उद्योजिकांच्या कहाण्या
700 ## - ADDED ENTRY--PERSONAL NAME
Personal name बन्सल रश्मी/अनु-काणे सुनीति
730 ## - ADDED ENTRY--UNIFORM TITLE
Uniform title स्वप्नांचे इंद्रधनू-भक्कम उद्योगांची उभारणी करणार्‍या 25 स्त्री उद्योजिकांच्या कहाण्या
942 ## - ADDED ENTRY ELEMENTS (KOHA)
Koha item type Book
Holdings
Withdrawn status Lost status Damaged status Not for loan Home library Current library Date acquired Cost, normal purchase price Total Checkouts Full call number Barcode Date last seen Cost, replacement price Price effective from Koha item type
        Pune Nagar Vachan Mandir, Pune Pune Nagar Vachan Mandir, Pune 08/01/2015 0.00   PNVM-86404 PNVM-86404 12/02/2015 0.00 12/02/2015 Book